Un mondo di donne : [trecento ritratti celebri] /
I tiakina i:
| Ngā kaituhi matua: | , |
|---|---|
| Ētahi atu kaituhi: | , |
| Hōputu: | Pukapuka |
| Reo: | Itāriana |
| I whakaputaina: |
[Milano] :
NET,
[2006]
|
| Rangatū: | Net ;
297 |
| Ngā marau: | |
| Ngā Tūtohu: |
Kāore He Tūtohu, Me noho koe te mea tuatahi ki te tūtohu i tēnei pūkete!
|
MARC
| LEADER | 00000nam a22000007i 4500 | ||
|---|---|---|---|
| 001 | IT\ICCU\CFI\0681774 | ||
| 003 | ItRI | ||
| 005 | 20260115231916.0 | ||
| 008 | 070531s2006 it |||||| ||||| |||||c | ||
| 020 | |a 885152338X | ||
| 040 | |b ita |c importazione bologna sebina | ||
| 041 | 7 | |a ita |2 ISO-639-2 | |
| 082 | |a 920.72 |9 BIOGRAFIE DI DONNE |2 21 | ||
| 130 | 0 | |a Berühmte Frauen. |3 IT\ICCU\RAV\1090403 | |
| 245 | 0 | 3 | |a Un mondo di donne : |b [trecento ritratti celebri] / |c [a cura di] Luise F. Pusch e Susanne Gretter ; edizione italiana a cura di Maria Gregorio ; introduzione di Natalia Aspesi. |
| 260 | |a [Milano] : |b NET, |c [2006] | ||
| 300 | |a 381 p. : |b ill. ; |c 20 cm. | ||
| 650 | 7 | |a Donne celebri |x Biografie | |
| 700 | 1 | |a Aspesi, Natalia |0 IT\ICCU\CFIV\063588 | |
| 700 | 1 | |a Gregorio, Maria |0 IT\ICCU\SBLV\047609 | |
| 700 | 1 | |a Gretter, Susanne |0 IT\ICCU\RAVV\341930 |4 aut | |
| 700 | 1 | |a Pusch, Luise F. |0 IT\ICCU\UFIV\113849 |4 aut | |
| 830 | 0 | |a Net ; |v 297 |0 IT\ICCU\TO0\1035517 | |
| 942 | |2 ddc |c BK |n 0 | ||
| 952 | |0 0 |1 0 |4 0 |6 DOC_920_720000000000000_PUS |7 0 |9 16143 |a BO |b BO |d 2026-01-15 |i 11236 |l 0 |o DOC 920.72 PUS |p BO11236 |r 2026-01-15 23:19:16 |w 2026-01-15 |x [Sebina 5] [1 v.] |y BK |z 1 v. | ||
| 999 | |c 13873 |d 13873 | ||